| 000 | 00601nam a22001697a 4500 | ||
|---|---|---|---|
| 005 | 20231120131529.0 | ||
| 008 | 231120b |||||||| |||| 00| 0 eng d | ||
| 020 | _a9780409107593 | ||
| 041 | _aEnglish | ||
| 082 | _a343.4 SIL | ||
| 100 |
_aDe Koker, A and Williams, RC _lEnglish |
||
| 245 |
_aSilke on South African Income Tax Act 58 of 1962 2010/2011 : _bUpdated to include Acts 7 and 8 of 2010 / _cA De Koker and RC Williams |
||
| 260 |
_aDurban : _bLexisNexis, _c2011 |
||
| 300 |
_bxii, 562 pages ; _c25 cm. |
||
| 650 |
_aLegal practice _bLaw |
||
| 942 |
_cBK _6ALISON_BN_VRIES |
||
| 999 |
_c802 _d802 |
||